| 000 | 00618 a2200181 4500 | ||
|---|---|---|---|
| 999 |
_c4568 _d4568 |
||
| 010 | _aENG-86449 | ||
| 020 |
_a0143099698 _c250.00 |
||
| 035 | _aEN-69982 | ||
| 037 | _bDBAD / PUB | ||
| 082 | 1 | 4 | _aS |
| 100 | 1 | _aVaidehi | |
| 245 | 1 |
_aGulabi talkies and other stories / _cby Vaidehi ; edited by Tejaswini Niranjana; translated from the Kannada by Tejaswini Niranjana..[et.al.] |
|
| 260 |
_aNew Delhi _bPenguin Books _c2006 |
||
| 270 |
_a11, Community Centre, Panchsheel Park _bNew Delhi _cWest Bengal _e110 017 |
||
| 300 |
_axxvi, 227 p. _c20cm (Pbk) |
||
| 700 | _aTejaswini Niranjana | ||
| 942 |
_adpl _cEN _2ddc _hS _mVAI |
||